| 000 | 00489nam a2200181Ia 4500 | ||
|---|---|---|---|
| 003 | LK-CoDNM | ||
| 008 | 010623t xxu||||| |||| 00| 1 sin d | ||
| 040 |
_aLK-CoDNM _dLK-CoDNM _eLK-CoDNM |
||
| 041 | _asin | ||
| 080 | _a294.3 GUN | ||
| 100 | _aGunawardena,H.P. | ||
| 245 | _aඋම්බෑ කිය කියා මරණ බයේ | ||
| 246 | _aUmbe Kiya Kiya Marana Baye | ||
| 260 |
_bYouth Buddhist Society _aColombo |
||
| 300 | _b20p., 18 cm | ||
| 650 | _aBuddhism | ||
| 942 | _cBK | ||
| 999 |
_c137599 _d137599 |
||